000 00567cam a22002172a 4500
001 025939
003 AR-FADEU
008 311216n1984####xxu####################dd
020 _a950-614-278-5
092 _a108
_bA618
_eSOCIOLOGIA
100 _aAnselmo, Santo
245 _aProslogion : sobre la verdad
260 _aBuenos Aires
260 _bOrbis
260 _bHyspamerica
260 _c1984
300 _a161 p. : v. 41
440 _aHistoria del pensamiento
_n41
650 _aFILOSOFIA-COLECCION; PENSAMIENTO-COLECCION/SOCIOLOGIA/
942 _cBDGR
999 _c31623
_d31623